00330nam a2200109Ia 450000500170000000800410001710000180005824501000007626000130017630000110018965000200020020260328104312.0260328s9999||||xx |||||||||||||| ||und|| aNorman, Booth 0aResidential Landscape Architecture :b Design process for the private residence /cBooth Norman bPearson  a553 p. aESPACIO PUBLICO